000 00599nam a2200253Ia 4500
005 20260121154737.0
008 008 260114s9999 xx 000 0 eng d
020 _a9781351122863
037 _aEBOOK
040 _aCRL
040 _beng
040 _cCRL
041 _2eng
041 _aeng
084 _qCRL
100 _a Zhen Jing
_91010975
245 4 _aThe Regulation of Insurance in China
260 _bTaylor and Francis
260 _c2021
856 _uhttp://www.taylorfrancis.com/books/9781351122863
942 _cEBOOK
999 _c1577796
_d1577796